Statistics for Big Bang Theory Quiz (ULTRA HARD)

Click here to take the quiz!

General Stats

  • This quiz has been taken 8 times
  • The average score is 4 of 8

Answer Stats

QuestionAnswer% Correct
What day is Halo Night?Wednesday
100%
What do Sheldon and Amy have on the last
Thursday of every month?
Date Night
75%
What was the name of Penny's pet pig?Moondance
50%
What Indian Folk's Tale does Sheldon
refer to when speaking to Lalita Gupta?
The Princess and the Monkey
50%
Who does Sheldon call an
Egg Salad Sandwich?
Alex
38%
Who does Leonard meet at the comic book
store and kisses her later in the episode
Alice
38%
Finish This." ________ punk now we're even."Bazinga!
25%
When is Penny's Birthday?December 2
13%

Score Distribution

Percentile by Number Answered

Percent of People with Each Score

Your Score History

You have not taken this quiz